00450nam a22001577a 4500008004100000040001800041041000800059100003000067245004200097260004500139300001700184500002200201650002300223650002400246650002200270130821s1933 fr gr fre  aCo-BoUCMbspa00afre1 aValéry, Pauld1871-194510aDe la diction des verscPaul Valéry aParís (Francia)bEmile Chamontinc1933 a75 páginas aIncluye índice.04aLiteratura europea04aLiteratura francesa04aPoesía francesa